| 000 | 00624ntaaa2200205 4500 | ||
|---|---|---|---|
| 003 | 01 | ||
| 005 | 20251027202221.0 | ||
| 008 | 0714s1973 ag 01 | ||
| 040 |
_aAR-BaBN _bspa _cAR-BaBN _eaacr _dRIC |
||
| 082 | _a268.0000 H217 | ||
| 100 |
_aHamill, H.M. _910119 |
||
| 245 | _aEl maestro de la escuela dominical | ||
| 250 | _a1 ed. | ||
| 260 |
_aEl Paso : _bCasa Bautista de Publicaciones, _cs.f. |
||
| 300 | _a168 p | ||
| 500 | _aEjs. 4-11 (4398, 4775, 4776, 4777, 4778, 8616, 4339 and 4400) retirados definitivamente de biblioteca | ||
| 650 |
_aenseƱanza _92886 |
||
| 650 |
_aescuelas dominicales _918398 |
||
| 942 | _cBK | ||
| 999 |
_c17031 _d17031 |
||